01994nam a2200301 a 4500001001000000005001700010008004100027041000800068044000800076084002000084100004500104245013000149260004100279300001700320500067600337500018801013500007301201500001001274546002401284650005201308650005601360650003401416650004501450700005201495700003701547700005801584740005001642BRCA_333320190320204229.0240309s1881----enk#---###---#000-0#eng-# aeng aenk a627b.K44c18811 aCervantes Saavedra, Miguel ded1547-161610aThe Ingenious Knight Don Quixote de la ManchacComposed by Miguel de Cervantes Saavedra. Dedicated to the Duker de Béjar... aLondresbC. Kegan Paul and Co.c1881 a3 v.c23 cm. aContenido : v.1. Primera parte. Vida de Cervantes, nota sobre esta y otras traducciones. Advertencia sobre las notas y comentarios, sobre las mujeres cervantinas, sobre los libros de caballería, sobre los nombres propios. Dedicatoria y prólogo de Cervantes. Notas sobre el título y el prólogo. Versos preliminares y notas a los mismos. Notas al fin de cada capítulo. -- v.2. Texto. Notas al fin de cada capítulo. Nota del traductor. Dedicatoria y prólogo del autor. Notas al prólogo y aprobación de la edición principe de Márquez Torres. Notas al fin de cada capítulo. -- v.3. Segunda parte. Notas al fin de cada capítulo. Poesía de G. Chauser aEdición : A New Translation from the Originals of 1605 and 1608 by Alexander James Duffield with some of the Notes of J. Bowle, J. A. Pellicer, D. Clemencín and Other Commentators aEjemplar por completo igual al anterior [626]. Tela Lúdovik Osterc aQM482 aTexto en : inglés14aNovela españolayÉpoca clásica, 1500-170014aLiteratura españolayÉpoca clásica, 1500-170014aNovela españolaySiglo XVII14aDon Quijote (Personaje ficticio)eNovela1 aDuffield, Alexander Jamesd1821-1890eTraductor1 aBowle, Johnd1725-1788eAnotador1 aPellicer y Pilares, Juan Antoniod1738-1806eAnotador0 aEl Ingenioso Hidalgo Don Quijote de la Mancha